Tribhuvan University Central Library

Teaching English spelling (Record no. 31895)

MARC details
000 -LEADER
fixed length control field 005370000a22002290004500
082 ## - DEWEY DECIMAL CLASSIFICATION NUMBER
Classification number 420.7
Item number Sh44t
041 ## - LANGUAGE CODE
Language code of text/sound track or separate title Eng
100 ## - MAIN ENTRY--PERSONAL NAME
Personal name Shemesh, Ruth
100 ## - MAIN ENTRY--PERSONAL NAME
Personal name Waller, Sheila
245 ## - TITLE STATEMENT
Title Teaching English spelling
260 ## - PUBLICATION, DISTRIBUTION, ETC. (IMPRINT)
Place of publication, distribution, etc New York
Name of publisher, distributor, etc Cambridge University Press, USA
260 ## - PUBLICATION, DISTRIBUTION, ETC. (IMPRINT)
Date of publication, distribution, etc 2000
300 ## - PHYSICAL DESCRIPTION
Extent vii,296p.
518 ## - DATE/TIME AND PLACE OF AN EVENT NOTE
Date/time and place of an event note 20040630
530 ## - ADDITIONAL PHYSICAL FORM AVAILABLE NOTE
Additional physical form available note M
650 ## - SUBJECT ADDED ENTRY--TOPICAL TERM
Topical term or geographic name as entry element English language
650 ## - SUBJECT ADDED ENTRY--TOPICAL TERM
Topical term or geographic name as entry element Study and teaching
650 ## - SUBJECT ADDED ENTRY--TOPICAL TERM
Topical term or geographic name as entry element English linguistics
650 ## - SUBJECT ADDED ENTRY--TOPICAL TERM
Topical term or geographic name as entry element Spelling
650 ## - SUBJECT ADDED ENTRY--TOPICAL TERM
Topical term or geographic name as entry element Teaching English
942 ## - ADDED ENTRY ELEMENTS (KOHA)
Koha item type General Collections
Holdings
Withdrawn status Lost status Damaged status Not for loan Home library Current library Date acquired Total Checkouts Barcode Date last seen Date checked out Price effective from Total Renewals
        Tribhuvan University Central Library Tribhuvan University Central Library 06/20/2010 1 G59934 03/23/2017 03/03/2017 06/20/2010  
        Tribhuvan University Central Library Tribhuvan University Central Library 06/20/2010   G59950 06/20/2010   06/20/2010  
        Tribhuvan University Central Library Tribhuvan University Central Library 06/20/2010   G60090 06/20/2010   06/20/2010  
        Tribhuvan University Central Library Tribhuvan University Central Library 06/20/2010 4 G60092 12/02/2018 10/08/2018 06/20/2010 1